书目信息 |
| 题名: |
计算机文化基础 下
|
|
| 作者: | 成奋华 主编 | |
| 分册: | ||
| 出版信息: | 北京 中国计划出版社 2007.06 |
|
| 页数: | 203页 | |
| 开本: | 26cm | |
| 丛书名: | ||
| 单 册: | ||
| 中图分类: | TP3-05 | |
| 科图分类: | ||
| 主题词: | 计算机技术 | |
| 电子资源: | ||
| ISBN: | 978-7-80177-995-3 | |
| 000 | 00753nam0 2200217 450 | |
| 001 | 0835507967 | |
| 005 | 20081219152717.71 | |
| 010 | @a978-7-80177-995-3@dCNY25.00 | |
| 100 | @a20081219d2007 km y0chiy0120 ea | |
| 101 | 0 | @achi |
| 102 | @aCN@b110000 | |
| 200 | 1 | @a计算机文化基础 下@Aji suan ji wen hua ji chu xia@e计算机文化基础实训指导@f成奋华主编@Fcheng fen hua zhu bian |
| 210 | @a北京@c中国计划出版社@d2007.06 | |
| 215 | @a203页@d26cm | |
| 300 | @a21世纪全国高职高专计算机教育"十一五"规划教材 | |
| 517 | 1 | @a计算机文化基础实训指导@Aji suan ji wen hua ji chu shi xun zhi dao |
| 606 | 0 | @a计算机技术 |
| 690 | @aTP3-05@v4 | |
| 701 | 0 | @a成奋华@Acheng fen hua@4主编 |
| 801 | 0 | @aCN@b山东省滨州职业学院图书馆@c20081219 |
| 905 | @aBZT@dTP3-05@e1-2@f5 | |
| 计算机文化基础 下:计算机文化基础实训指导/成奋华主编.-北京:中国计划出版社,2007.06 |
| 203页;26cm |
| 21世纪全国高职高专计算机教育"十一五"规划教材 |
| ISBN 978-7-80177-995-3:CNY25.00 |
| ● |
| 相关链接 |
|
|
|
正题名:计算机文化基础 下
索取号:TP3-05/1-2
 
预约/预借
| 序号 | 登录号 | 条形码 | 馆藏地/架位号 | 状态 | 备注 |
| 1 | 0692442 | 2000692442 | 样本书库/样003架A面1层1列/ [索取号:TP3-05/1-2] | 在馆 | |
| 2 | 0692443 | 2000692443 | 中心书库中库/ 中库028架B面5列7层25/ [索取号:TP3-05/1-2] | 在馆 | |
| 3 | 0692444 | 2000692444 | 中心书库中库/ 中库028架B面5列7层27/ [索取号:TP3-05/1-2] | 在馆 | |
| 4 | 0692445 | 2000692445 | 中心书库中库/ 中库028架B面5列7层26/ [索取号:TP3-05/1-2] | 在馆 | |
| 5 | 0692446 | 2000692446 | 中心书库中库/ 中库028架B面5列7层17/ [索取号:TP3-05/1-2] | 在馆 |